[Event "POL-ch U20"]
[Site "Ustron"]
[Date "2019.11.25"]
[Round "3"]
[White "Kania, Dominik"]
[Black "Jeda, Maciej"]
[Result "1-0"]
[WhiteElo "1988"]
[BlackElo "1865"]
[PlyCount "117"]
[EventDate "2019.11.23"]
[EventType "swiss"]
[EventRounds "9"]
[EventCountry "POL"]
[SourceTitle "CBM 193 Extra"]
[Source "ChessBase"]
[SourceDate "2020.01.31"]
[SourceVersion "1"]
[SourceVersionDate "2020.01.31"]
[SourceQuality "1"]

1. d4 Nf6 2. Bf4 g6 3. e3 Bg7 4. Nf3 0-0 5. Nbd2 d6 6. Bc4 Nc6 7. h3 h6 8. 0-0 Nd7 9. c3 e5 10. Bh2 Kh7 11. dxe5 Ndxe5 12. Nxe5 Nxe5 13. Be2 Rb8 14. f4 Nc6 15. e4 f5 16. Bd3 b5 17. Qc2 Ne7 18. Rae1 b4 19. Bg3 bxc3 20. bxc3 fxe4 21. Nxe4 Nf5 22. Bf2 c5 23. g4 Nh4 24. Bg3 Kh8 25. Qf2 g5 26. f5 Nxf5 27. gxf5 Bxf5 28. Qh2 Rb6 29. Nxc5 Bxc3 30. Bxf5 Bd4+ 31. Bf2 dxc5 32. Rd1 Rbf6 33. Bxd4 cxd4 34. Qe5 Qb6 35. Be6 d3+ 36. Kh2 Kg7 37. Bc4 Re8 38. Qxf6+ Qxf6 39. Rxf6 Re2+ 40. Kg3 Kxf6 41. Rxd3 Rc2 42. Bb3 Rc6 43. Rd7 a6 44. Kg4 Kg6 45. Bf7+ Kf6 46. Bd5 Rb6 47. Kh5 Ke5 48. Bb3 Kf4 49. Rh7 Kg3 50. Rxh6 Rb5 51. Kg6 g4 52. hxg4 Kxg4 53. Kf7 a5 54. Ke7 Kf4 55. Re6 Kf5 56. Re1 Rb4 57. Kd6 a4 58. Kc5 Rf4 59. Bc4 1-0

[Event "POL-ch U20"]
[Site "Ustron"]
[Date "2019.11.24"]
[Round "2"]
[White "Jeda, Maciej"]
[Black "Panek, Bartosz"]
[Result "1/2-1/2"]
[WhiteElo "1865"]
[BlackElo "2029"]
[PlyCount "80"]
[EventDate "2019.11.23"]
[EventType "swiss"]
[EventRounds "9"]
[EventCountry "POL"]
[SourceTitle "CBM 193 Extra"]
[Source "ChessBase"]
[SourceDate "2020.01.31"]
[SourceVersion "1"]
[SourceVersionDate "2020.01.31"]
[SourceQuality "1"]

1. e4 d6 2. d4 Nf6 3. Nc3 e5 4. dxe5 dxe5 5. Qxd8+ Kxd8 6. Bg5 Be6 7. 0-0-0+ Nbd7 8. f4 exf4 9. Nge2 Bd6 10. Nxf4 h6 11. Nxe6+ fxe6 12. Be3 Be5 13. Bd4 Ke7 14. Bc4 a6 15. a4 Rad8 16. g3 Bxd4 17. Rxd4 Ne5 18. Rxd8 Rxd8 19. Be2 Rd4 20. Rd1 Rxd1+ 21. Kxd1 Neg4 22. Bxg4 Nxg4 23. h4 Ne3+ 24. Kc1 Kf6 25. a5 Nc4 26. b4 Ke5 27. Na4 b6 28. b5 Nxa5 29. bxa6 Nc6 30. Kd2 Kd4 31. h5 Na7 32. Nc3 b5 33. Ne2+ Kxe4 34. Nf4 Kf5 35. Ke3 Nc6 36. c3 Na7 37. Kf3 Ke5 38. Ke3 Kf5 39. Kf3 Ke5 40. Ke3 Kf5 1/2-1/2

[Event "POL-ch U20"]
[Site "Ustron"]
[Date "2019.11.23"]
[Round "1"]
[White "Sernecki, Franciszek"]
[Black "Jeda, Maciej"]
[Result "1-0"]
[WhiteElo "2285"]
[BlackElo "1865"]
[PlyCount "91"]
[EventDate "2019.11.23"]
[EventType "swiss"]
[EventRounds "9"]
[EventCountry "POL"]
[SourceTitle "CBM 193 Extra"]
[Source "ChessBase"]
[SourceDate "2020.01.31"]
[SourceVersion "1"]
[SourceVersionDate "2020.01.31"]
[SourceQuality "1"]

1. c4 Nf6 2. Nc3 g6 3. g3 Bg7 4. Bg2 0-0 5. e3 d6 6. Nge2 Nc6 7. 0-0 e5 8. d4 exd4 9. Nxd4 Nxd4 10. exd4 c6 11. Qb3 Nh5 12. Be3 f5 13. Ne2 Qe7 14. Rfe1 Qf7 15. Rad1 h6 16. d5 c5 17. Nf4 Nxf4 18. Bxf4 Qf6 19. Bd2 g5 20. f4 b6 21. Bc3 Qf7 22. Re6 Bxe6 23. dxe6 Qe7 24. Bxg7 Kxg7 25. Bxa8 Rxa8 26. fxg5 hxg5 27. Qf3 Rf8 28. Qd5 Rf6 29. Re1 Kh6 30. Kh1 f4 31. gxf4 Rxf4 32. b3 Kg6 33. Qa8 Qf6 34. Qg2 Rf2 35. Qe4+ Kh6 36. Kg1 Rf4 37. Qg2 Qe7 38. Kh1 Kg6 39. h3 g4 40. Qg3 Qf6 41. Qd3+ Kg5 42. Qe3 Kg6 43. e7 Rf1+ 44. Rxf1 Qxf1+ 45. Kh2 g3+ 46. Kxg3 1-0

[Event "Rubinstein Memorial-A 55th"]
[Site "Polanica Zdroj"]
[Date "2019.08.24"]
[Round "8"]
[White "Zych, Marek"]
[Black "Jeda, Maciej"]
[Result "1-0"]
[WhiteElo "2061"]
[BlackElo "1815"]
[PlyCount "91"]
[EventDate "2019.08.17"]
[EventType "swiss"]
[EventRounds "9"]
[EventCountry "POL"]
[SourceTitle "EXT 2020"]
[Source "ChessBase"]
[SourceDate "2019.10.17"]
[SourceVersion "1"]
[SourceVersionDate "2019.10.17"]
[SourceQuality "1"]

1. Nf3 d6 2. d4 Nf6 3. c4 g6 4. Nc3 Bg7 5. e4 0-0 6. Be2 e5 7. 0-0 Nc6 8. d5 Ne7 9. Ne1 Ne8 10. f3 f5 11. g4 Nf6 12. Nd3 Qd7 13. Nf2 h6 14. h4 a6 15. Bd2 Rb8 16. b4 c6 17. a4 Qc7 18. a5 Bd7 19. Kg2 b6 20. axb6 Qxb6 21. Nd3 Qd4 22. Nf2 cxd5 23. cxd5 Rxb4 24. Rxa6 Rc8 25. Qc2 fxg4 26. fxg4 h5 27. g5 Nfxd5 28. exd5 Nf5 29. Rh1 Nxh4+ 30. Rxh4 Qxh4 31. Qxg6 Rf8 32. Ncd1 Bf5 33. Qxh5 Be4+ 34. Nxe4 Qxe4+ 35. Bf3 Qd3 36. Bxb4 Qxa6 37. Nf2 e4 38. Nxe4 Qa2+ 39. Nf2 Bd4 40. Be1 Qa1 41. Qg6+ Bg7 42. Bg4 Rf4 43. Be6+ Kf8 44. Bd2 Rxf2+ 45. Kxf2 Qd4+ 46. Kf3 1-0

[Event "Rubinstein Memorial-A 55th"]
[Site "Polanica Zdroj"]
[Date "2019.08.23"]
[Round "7"]
[White "Jeda, Maciej"]
[Black "Rosol, Alexander"]
[Result "1-0"]
[WhiteElo "1815"]
[BlackElo "1968"]
[PlyCount "55"]
[EventDate "2019.08.17"]
[EventType "swiss"]
[EventRounds "9"]
[EventCountry "POL"]
[SourceTitle "EXT 2020"]
[Source "ChessBase"]
[SourceDate "2019.10.17"]
[SourceVersion "1"]
[SourceVersionDate "2019.10.17"]
[SourceQuality "1"]

1. e4 d6 2. d4 Nf6 3. Nc3 e5 4. Nf3 Nbd7 5. Bc4 Be7 6. 0-0 0-0 7. Re1 c6 8. a4 a5 9. h3 h6 10. Be3 Re8 11. Qd2 exd4 12. Qxd4 Nf8 13. Rad1 Be6 14. Bf4 Bxc4 15. Qxc4 Ng6 16. Bh2 Qb6 17. Bxd6 Bxd6 18. Rxd6 Qxb2 19. Rb1 Qa3 20. Rxb7 Rf8 21. Rd1 Rae8 22. Rc7 Qb2 23. Qxc6 Qxc2 24. Nd4 Qb2 25. Rb7 Qa3 26. Nc2 Re6 27. Qc4 Ne5 28. Qc7 1-0

[Event "Rubinstein Memorial-A 55th"]
[Site "Polanica Zdroj"]
[Date "2019.08.19"]
[Round "3"]
[White "Jeda, Maciej"]
[Black "Czarniecka, Aleksandra"]
[Result "0-1"]
[WhiteElo "1815"]
[BlackElo "2042"]
[PlyCount "65"]
[EventDate "2019.08.17"]
[EventType "swiss"]
[EventRounds "9"]
[EventCountry "POL"]
[SourceTitle "EXT 2020"]
[Source "ChessBase"]
[SourceDate "2019.10.17"]
[SourceVersion "1"]
[SourceVersionDate "2019.10.17"]
[SourceQuality "1"]

1. e4 c5 2. Nf3 d6 3. d4 cxd4 4. Nxd4 Nf6 5. Bd3 Nc6 6. Ne2 g6 7. 0-0 Bg7 8. c4 0-0 9. Nbc3 Nd7 10. f4 Nc5 11. Be3 Nb4 12. Bb1 Be6 13. b3 Bg4 14. Bd4 Bh6 15. h3 Bxe2 16. Nxe2 Nc6 17. Bc3 e5 18. Kh2 Ne6 19. f5 Nf4 20. Nxf4 Bxf4+ 21. g3 Be3 22. f6 Bd4 23. Bxd4 Nxd4 24. Qd2 Kh8 25. Bd3 a5 26. Kg2 Rg8 27. h4 Qc8 28. Rf2 Qg4 29. Rh1 g5 30. hxg5 Rxg5 31. Kf1 Rg6 32. Be2 Qxe4 33. Rfh2 0-1

[Event "Krakow op-B 29th"]
[Site "Krakow"]
[Date "2018.12.31"]
[Round "6"]
[White "Szczecina, Kamil"]
[Black "Jeda, Maciej"]
[Result "0-1"]
[WhiteElo "1986"]
[BlackElo "1917"]
[PlyCount "70"]
[EventDate "2018.12.27"]
[EventType "swiss"]
[EventRounds "9"]
[EventCountry "POL"]
[SourceTitle "CBM 189 Extra"]
[Source "ChessBase"]
[SourceDate "2019.06.03"]
[SourceVersion "1"]
[SourceVersionDate "2019.06.03"]
[SourceQuality "1"]

1. e4 e6 2. d3 d5 3. Nd2 Nf6 4. Ngf3 Bc5 5. e5 Nfd7 6. g3 0-0 7. Bg2 f6 8. d4 Bb6 9. 0-0 c5 10. dxc5 Bxc5 11. Nb3 Bb6 12. Qe2 fxe5 13. Nxe5 Nxe5 14. Qxe5 Nc6 15. Qe2 Qf6 16. Kh1 Bd7 17. f4 Rae8 18. c3 Kh8 19. Be3 Bxe3 20. Qxe3 b6 21. Rad1 Ne7 22. Nd4 Nf5 23. Qd3 Nd6 24. Nf3 Bb5 25. Qc2 Bxf1 26. Bxf1 Nf7 27. Bd3 e5 28. Nxe5 Nxe5 29. fxe5 Qf3+ 30. Kg1 Rxe5 31. Qd2 Rfe8 32. Bf1 Re2 33. Qd4 Rxb2 34. c4 Ree2 35. Rd3 Rg2+ 0-1

[Event "EU-ch U12 28th"]
[Site "Riga"]
[Date "2018.08.21"]
[Round "2"]
[White "Jeda, Maciej"]
[Black "Razafindratsima, Timothe"]
[Result "0-1"]
[WhiteElo "1724"]
[BlackElo "1978"]
[PlyCount "62"]
[EventDate "2018.08.20"]
[EventType "swiss"]
[EventRounds "9"]
[EventCountry "LAT"]
[SourceTitle "CBM 186 Extra"]
[Source "ChessBase"]
[SourceDate "2018.08.24"]
[SourceVersion "1"]
[SourceVersionDate "2018.08.24"]
[SourceQuality "1"]

1. e4 c5 2. Nf3 d6 3. d4 cxd4 4. Nxd4 Nf6 5. Nc3 a6 6. Bg5 Nbd7 7. Bc4 Qb6 8. Bb3 e6 9. 0-0 Nc5 10. Bxf6 gxf6 11. Na4 Qc7 12. Qh5 Nxa4 13. Bxa4+ b5 14. Bb3 Qc5 15. Qd1 Bb7 16. Qd3 Rc8 17. a4 b4 18. a5 h5 19. Kh1 h4 20. h3 Bh6 21. Rad1 Ke7 22. f4 Rcg8 23. Qe2 f5 24. Rf2 fxe4 25. f5 Rg5 26. fxe6 f5 27. Rdf1 Qxd4 28. Rxf5 Rxf5 29. Rxf5 Rf8 30. Rxf8 Bxf8 31. Qf1 Qg7 0-1

[Event "EU Union-ch U12"]
[Site "Kouty nad Desnou"]
[Date "2018.08.15"]
[Round "9"]
[White "Pasti, Aron"]
[Black "Jeda, Maciej"]
[Result "1-0"]
[WhiteElo "2018"]
[BlackElo "1724"]
[PlyCount "53"]
[EventDate "2018.08.07"]
[EventType "swiss"]
[EventRounds "9"]
[EventCountry "CZE"]
[SourceTitle "CBM 186 Extra"]
[Source "ChessBase"]
[SourceDate "2018.08.24"]
[SourceVersion "1"]
[SourceVersionDate "2018.08.24"]
[SourceQuality "1"]

1. e4 e6 2. d4 d5 3. Nc3 Nf6 4. e5 Nfd7 5. Nce2 c5 6. c3 Nc6 7. f4 cxd4 8. cxd4 Bb4+ 9. Bd2 Qb6 10. Nf3 0-0 11. g3 f6 12. Bg2 fxe5 13. fxe5 Qa5 14. 0-0 Rxf3 15. Rxf3 Bxd2 16. Qf1 b6 17. Bh3 Nd8 18. a3 Ba6 19. Qf2 Bxe2 20. Qxe2 Bh6 21. Raf1 Qd2 22. Qb5 Qxd4+ 23. Kh1 g5 24. Qxd7 Qxe5 25. Qe8+ Kg7 26. Qf8+ Kg6 27. Rf6+ 1-0

[Event "EU Union-ch U12"]
[Site "Kouty nad Desnou"]
[Date "2018.08.10"]
[Round "4"]
[White "Jeda, Maciej"]
[Black "Sevcikova, Lucia"]
[Result "1-0"]
[WhiteElo "1724"]
[BlackElo "1750"]
[PlyCount "112"]
[EventDate "2018.08.07"]
[EventType "swiss"]
[EventRounds "9"]
[EventCountry "CZE"]
[SourceTitle "CBM 186 Extra"]
[Source "ChessBase"]
[SourceDate "2018.08.24"]
[SourceVersion "1"]
[SourceVersionDate "2018.08.24"]
[SourceQuality "1"]

1. e4 e5 2. Bc4 Nc6 3. Nf3 Nf6 4. d3 Be7 5. Nc3 0-0 6. 0-0 d6 7. h3 Na5 8. Bb3 c6 9. Bg5 Nxb3 10. axb3 Qc7 11. Qe2 Re8 12. Rae1 Be6 13. Bh4 h6 14. Bg3 Nh7 15. Nd2 Bg5 16. f4 exf4 17. Bxf4 Bxf4 18. Rxf4 d5 19. e5 Qb6+ 20. Kh1 Nf8 21. Na4 Qc7 22. Nc5 Ng6 23. Rf2 b6 24. Nxe6 Rxe6 25. d4 c5 26. c3 cxd4 27. cxd4 Rae8 28. Qg4 Rc8 29. Ref1 Re7 30. e6 Nh8 31. exf7+ Rxf7 32. Nf3 Rcf8 33. Qe6 Qd7 34. Qxd7 Rxd7 35. Re1 Ng6 36. Rc2 Rff7 37. Rc6 Rf6 38. Rc8+ Kf7 39. h4 Re6 40. Rf1 Ke7 41. h5 Nf4 42. Ne5 Rxe5 43. dxe5 Nxh5 44. Kh2 d4 45. g4 Ke6 46. gxh5 Kxe5 47. Re8+ Kd5 48. Rd1 Kc5 49. Re4 Rd5 50. Kg3 b5 51. Kf4 Rxh5 52. Re5+ Rxe5 53. Kxe5 Kb4 54. Rd3 g5 55. Kxd4 h5 56. Ke4 g4 1-0

[Event "EU Union-ch U12"]
[Site "Kouty nad Desnou"]
[Date "2018.08.09"]
[Round "3"]
[White "Jeda, Maciej"]
[Black "Kostov, Deyan Samuil"]
[Result "1-0"]
[WhiteElo "1724"]
[BlackElo "1934"]
[PlyCount "79"]
[EventDate "2018.08.07"]
[EventType "swiss"]
[EventRounds "9"]
[EventCountry "CZE"]
[SourceTitle "CBM 186 Extra"]
[Source "ChessBase"]
[SourceDate "2018.08.24"]
[SourceVersion "1"]
[SourceVersionDate "2018.08.24"]
[SourceQuality "1"]

1. e4 c5 2. Nf3 d6 3. d4 Nf6 4. Nc3 cxd4 5. Nxd4 Nc6 6. Be2 e5 7. Nb3 Be7 8. 0-0 0-0 9. Be3 a5 10. a4 Nb4 11. f4 Be6 12. Bf3 Rc8 13. Rc1 Bc4 14. Rf2 Qc7 15. Rd2 Rfd8 16. f5 Rd7 17. g4 Rcd8 18. g5 Ne8 19. Bg2 Bf8 20. Kh1 b6 21. Qg1 Rb8 22. Nd5 Nxd5 23. exd5 b5 24. Na1 bxa4 25. b3 Ba6 26. bxa4 Bc4 27. Rb1 Qc8 28. Be4 Rdb7 29. Rxb7 Rxb7 30. Rd1 Nc7 31. g6 fxg6 32. fxg6 h6 33. Qf2 Qe8 34. Qf5 Be7 35. Bxh6 gxh6 36. g7 Bxd5 37. Qh7+ Kf7 38. g8Q+ Kf6 39. Qhg6+ Qxg6 40. Qxg6# 1-0

[Event "Baltic Cup-B 2nd"]
[Site "Darlowko"]
[Date "2018.07.03"]
[Round "9"]
[White "Jeda, Maciej"]
[Black "Krawiec, Grzegorz"]
[Result "1/2-1/2"]
[WhiteElo "1751"]
[BlackElo "1762"]
[PlyCount "46"]
[EventDate "2018.06.24"]
[EventType "swiss"]
[EventRounds "9"]
[EventCountry "POL"]
[SourceTitle "CBM 187 Extra"]
[Source "ChessBase"]
[SourceDate "2018.11.04"]
[SourceVersion "1"]
[SourceVersionDate "2018.11.04"]
[SourceQuality "1"]

1. e4 c5 2. Nf3 e6 3. d4 cxd4 4. Nxd4 Nc6 5. Be3 Qc7 6. Be2 Nf6 7. f3 a6 8. 0-0 Be7 9. c3 0-0 10. a4 b6 11. Kh1 Bb7 12. Nd2 d5 13. exd5 Nxd5 14. Bg1 Nf4 15. Bc4 Rfd8 16. Qc2 Nxd4 17. Bxd4 e5 18. Be3 Rxd2 19. Bxf7+ Kxf7 20. Bxd2 Kg8 21. Bxf4 exf4 22. Rad1 Bc5 23. Rd3 Re8 1/2-1/2

[Event "Baltic Cup-B 1st"]
[Site "Darlowko"]
[Date "2017.06.26"]
[Round "2"]
[White "Jeda, Maciej"]
[Black "Krzywnicka, Maria"]
[Result "0-1"]
[WhiteElo "1568"]
[BlackElo "1856"]
[PlyCount "56"]
[EventDate "2017.06.25"]
[EventType "swiss"]
[EventRounds "9"]
[EventCountry "POL"]
[SourceTitle "EXT 2019"]
[Source "ChessBase"]
[SourceDate "2018.10.10"]
[SourceVersion "1"]
[SourceVersionDate "2018.10.10"]
[SourceQuality "1"]

1. c4 e5 2. Nc3 Nc6 3. g3 g6 4. Bg2 Bg7 5. d3 f5 6. Nf3 Nf6 7. Bg5 0-0 8. 0-0 h6 9. Bxf6 Bxf6 10. Qd2 Bg7 11. Rab1 d6 12. b4 g5 13. a4 Ne7 14. a5 Rb8 15. b5 Be6 16. Na4 Qe8 17. c5 d5 18. d4 e4 19. Ne1 f4 20. Nc2 Qh5 21. Rfe1 Bh3 22. Bh1 fxg3 23. fxg3 Rf6 24. Bg2 Bxg2 25. Kxg2 Rf2+ 26. Kxf2 Qxh2+ 27. Kf1 Rf8+ 28. Qf4 gxf4 0-1